| 000 | 00994cam a22002055a 4500 | ||
|---|---|---|---|
| 001 | L158070 | ||
| 008 | 140312s2014 xxk f 000 0 eng d | ||
| 035 | _a(Sirsi) u158070 | ||
| 041 | 0 | _aeng | |
| 110 | 2 |
_aOffice of Fair Trading _91355 |
|
| 245 | 0 | 0 |
_aResidential property management services _h[electronic resource] |
| 260 |
_aLondon _bOFT _c2014 |
||
| 520 | _aOn 4 March 2014 the OFT announced a market study on the provision of residential property management services in England and Wales, in order to examine whether the market is working well for consumers, and if not, whether there is potential for improving how it functions. OFT is planning to publish its findings in September 2014. | ||
| 590 | _aKA | ||
| 651 | 4 |
_aEngland and Wales _y1543- |
|
| 690 |
_aResidential property _96266 |
||
| 690 |
_aBlock management _96220 |
||
| 856 | 4 | 0 |
_uhttps://www.gov.uk/cma-cases/residential-property-management-services _zView the item free of charge from the www.gov.uk website |
| 942 | _n0 | ||
| 999 |
_c115120 _d115120 |
||